logo

Bir Sreshtho Munshi Abdur Rouf Library
Jhenaidah Cadet College

রবীন্দ্র-সৃষ্টি-সমীক্ষা / (Record no. 2204)

MARC details
000 -LEADER
fixed length control field 00781nam a2200229 a 4500
001 - CONTROL NUMBER
JCCL Control Number 2204
003 - CONTROL NUMBER IDENTIFIER
JCCL marc code BD-JhCC
005 - DATE AND TIME OF LATEST TRANSACTION
control field 20171113185933.0
008 - FIXED-LENGTH DATA ELEMENTS--GENERAL INFORMATION
fixed length control field 171030s13731378ii |||| ||a| 000 0 ben d
035 ## - SYSTEM CONTROL NUMBER
system control number (BD-JhCC)2204
040 ## - CATALOGING SOURCE
Original cataloging agency BD-JhCC
Modifying agency BD-JhCC
041 ## - LANGUAGE CODE
Language code of Book ben
082 ## - DEWEY DECIMAL CLASSIFICATION NUMBER
Classification number 891.4409
Author mark and Year BAN 1373
100 ## - MAIN ENTRY--PERSONAL NAME
Personal name বন্দোপাধ্যায়, শ্রীকুমার
245 ## - TITLE STATEMENT
Title রবীন্দ্র-সৃষ্টি-সমীক্ষা /
Statement of responsibility, etc শ্রীকুমার বন্দোপাধ্যায়,
250 ## - EDITION STATEMENT
Edition statement 2nd ed.
260 ## - PUBLICATION, DISTRIBUTION, ETC. (IMPRINT)
Place of publication, distribution, etc কলিকাতা :
Name of publisher, distributor, etc ওরিয়েন্ট বুক কোম্পানি,
Date of publication, distribution, etc 1373
300 ## - PHYSICAL DESCRIPTION
Pagination 362 p. :
Dimensions 22 cm.
650 ## - SUBJECT ADDED ENTRY--TOPICAL TERM
Topical term or geographic name as entry element Bengali Literature
942 ## - ADDED ENTRY ELEMENTS (KOHA)
Source of classification or shelving scheme Dewey Decimal Classification
Koha item type Books
Holdings
Source of classification or shelving scheme volume number Damaged status Not for loan Home library Current library Shelving location Cost, normal purchase price Total Checkouts Full call number Barcode Date last seen Copy number Koha item type Date of accession
Dewey Decimal Classification V-1     JCC Rouf Library JCC Rouf Library General Stacks 35.00   891.4409 BAN 1373 3509 10/30/2017 C-1 Books  
Dewey Decimal Classification V-1     JCC Rouf Library JCC Rouf Library General Stacks 35.00   891.4409 BAN 1373 3774 11/11/2017 C-2 Books 11/11/2017

JCC Library | Contacts | JCC Home

Last Update on 23 September 2017
Copyright @ 2017-2020 JCC Rouf Library
Rouf Library, Jhenidah Cadet College (JCC), Bangladesh